000 00416nam a2200169Ia 4500
001 23581
005 20260414150947.0
008 260414t2000||||xx |||||||||||||| ||spa||
041 _aESP
082 _a670.42
_bM48
100 _aMeyers, Fred E.
_eAUT
245 0 _aEstudios de tiempos y movimiento :
_bpara la manufactura ágil
260 _c2000
650 _aTCA
654 _aCII
942 _cLIB
_dJUS
_fJUS
_2ddc
_n
999 _c23581
_d23581